Peptides polypeptides and proteins: Proceedings of the Rehovat symposium on poly(amino acids), polypeptides and proteins and their biological implications Israel, May 1974 (Record no. 24981)

MARC details
000 -LEADER
fixed length control field 00617nam a2200181Ia 4500
082 ## - DEWEY DECIMAL CLASSIFICATION NUMBER
Classification number 577.112.6+577.112(06)
Item number BLO
100 ## - MAIN ENTRY--AUTHOR NAME
Personal name BLOUT, E R
245 #0 - TITLE STATEMENT
Title Peptides polypeptides and proteins: Proceedings of the Rehovat symposium on poly(amino acids), polypeptides and proteins and their biological implications Israel, May 1974
260 ## - PUBLICATION, DISTRIBUTION, ETC. (IMPRINT)
Place of publication New York
Name of publisher John Wiley
Year of publication 1974
650 ## - SUBJECT ADDED ENTRY--TOPICAL TERM
Topical Term Amino acid
650 ## - SUBJECT ADDED ENTRY--TOPICAL TERM
Topical Term Intermolecular interactions
650 ## - SUBJECT ADDED ENTRY--TOPICAL TERM
Topical Term Oligopeptide
650 ## - SUBJECT ADDED ENTRY--TOPICAL TERM
Topical Term Optical spectroscopy
650 ## - SUBJECT ADDED ENTRY--TOPICAL TERM
Topical Term Polypeptide
650 ## - SUBJECT ADDED ENTRY--TOPICAL TERM
Topical Term Protein
942 ## - ADDED ENTRY ELEMENTS (KOHA)
Koha item type Books
Holdings
Withdrawn status Lost status Damaged status Not for loan Home library Current library Date acquired Full call number Accession Number Koha item type
        RRII Library RRII Library 16/12/2021 577.112.6+577.112(06) BLO 05645 Books